Statistics for Highest Life Satisfaction Countries

Click here to take the quiz!

General Stats

  • This quiz has been taken 4,115 times
    (4,110 since last reset)
  • The average score is 31 of 50

Answer Stats

Rating out of 10 Country % Correct
7.9Sweden
96%
8.1Norway
95%
8.0Canada
94%
7.4United Kingdom
93%
8.0Finland
92%
7.9Australia
92%
6.8Japan
91%
7.1France
91%
7.9United States of America
91%
7.6Spain
90%
7.2Germany
89%
6.9Italy
89%
8.1Denmark
88%
7.8New Zealand
86%
7.7Netherlands
83%
7.7Switzerland
83%
7.6Brazil
81%
8.1Ireland
80%
7.8Austria
80%
7.8Iceland
80%
7.6Belgium
79%
7.7Mexico
78%
7.1Argentina
76%
6.8Greece
75%
6.7China
74%
7.7Luxembourg
68%
7.1Singapore
57%
6.9Czech Republic
51%
7.2United Arab Emirates
47%
7.1Israel
46%
6.7Cuba
46%
7.3Colombia
45%
7.1Malta
42%
7.0Slovenia
42%
6.9Venezuela
42%
6.7Jamaica
41%
7.7Saudi Arabia
40%
8.5Costa Rica
40%
7.8Panama
38%
6.8Uruguay
37%
6.7Egypt
36%
6.9Paraguay
34%
7.2Cyprus
30%
7.0Honduras
29%
7.1Nicaragua
28%
6.7Kuwait
28%
7.4Guatemala
27%
6.7El Salvador
26%
7.6Dominican Republic
25%
6.7Trinidad and Tobago
18%

Score Distribution

Percentile by Number Answered

Percent of People with Each Score

Your Score History

You have not taken this quiz since the last reset